000 00527cam a22002054a 4500
005 20250605164320.0
008 250528s ||||||||||||||||||||||||d
035 _a22848
020 _a9780470343944
040 _aGR-AtMCL
_bgre
_dGR-AtMCL
_eAACR2
245 1 _aMANAGING BUSINESS ETHICS / STRAIGHT TALK ABOUT HOW TO DO IT RIGHT
250 _a5
260 _bWiley,
_c2011
300 _a460
700 1 _aNelson Katherine A
_98510
700 1 _aTrevino Linda K
_98511
942 _cBK
999 _c7893
_d7893